ՀՀ Գիտությունների ազգային ակադեմիայի հիմնարար գիտական գրադարան  =   Fundamental Scientific Library of NAS RA

Հրովարտակ-պայմանագրերը որպես վաղ շրջանի հայ-արաբական հարաբերությունների աղբյուր : (Record no. 535579)

MARC details
000 -LEADER
fixed length control field 01290nam a2200217 a 4500
001 - CONTROL NUMBER
control field 001190934
003 - CONTROL NUMBER IDENTIFIER
control field AM-YEHGA
005 - DATE AND TIME OF LATEST TRANSACTION
control field 20251015113537.0
008 - FIXED-LENGTH DATA ELEMENTS--GENERAL INFORMATION
fixed length control field 161118s2016 ai ||||frm||||000|0|arm|d
040 ## - CATALOGING SOURCE
Original cataloging agency AM-YEHGA
041 0# - LANGUAGE CODE
Language code of text/sound track or separate title arm
100 1# - MAIN ENTRY--PERSONAL NAME
Personal name Մկրտումյան Գայանե Սերգեյի
245 10 - TITLE STATEMENT
Title Հրովարտակ-պայմանագրերը որպես վաղ շրջանի հայ-արաբական հարաբերությունների աղբյուր :
Remainder of title Ատենախոսություն - Է.00.05 «Պատմագիտություն, աղբյուրագիտություն» մասնագիտությամբ պատմական գիտությունների թեկնածուի /
Statement of responsibility, etc. Գ.Ս. Մկրտումյան; ՀՀ ԳԱԱ Արևելագիտության ինստիտուտ.
260 ## - PUBLICATION, DISTRIBUTION, ETC.
Place of publication, distribution, etc. Երևան,
Name of publisher, distributor, etc. Ա. հ.,
Date of publication, distribution, etc. 2016.
300 ## - PHYSICAL DESCRIPTION
Extent 144 էջ
502 ## - DISSERTATION NOTE
Dissertation note ՀՀ Գիտությունների ազգային ակադեմիա, Արևելագիտության ինստիտուտ
502 ## - DISSERTATION NOTE
Dissertation note Գիտական ղեկավար՝ պատմական գիտությունների դոկտոր, պրոֆեսոր Ն.Հ. Հովհաննիսյան
650 14 - SUBJECT ADDED ENTRY--TOPICAL TERM
Topical term or geographic name entry element Պատմագիտություն, աղբյուրագիտություն
655 #4 - INDEX TERM--GENRE/FORM
Genre/form data or focus term Ատենախոսություններ
942 ## - ADDED ENTRY ELEMENTS (KOHA)
Koha item type Ատենախոսություններ / Dissertations
Source of classification or shelving scheme Universal Decimal Classification
Holdings
Withdrawn status Lost status Damaged status Not for loan Collection Home library Current library Date acquired Total checkouts Full call number Barcode Date last seen Price effective from Koha item type Public note
        General Fundamental Scientific Library Fundamental Scientific Library 09/07/2025   Ատեն/27 FL0692425 09/07/2025 09/07/2025 Ատենախոսություններ / Dissertations 30 Days Loan
        General Fundamental Scientific Library Fundamental Scientific Library 09/07/2025   Ատեն/28 FL0696087 09/07/2025 09/07/2025 Ատենախոսություններ / Dissertations 30 Days Loan


ՀՀ ԳԱԱ հիմնարար գիտական գրադարան
ՀՀ,Երևան 0019
Մարշալ Բաղրամյան 24/6
հեռախոս:(374-10) 52-47-50
Հետադարձ կապ

All site content, except where otherwise noted, is licensed under a
Creative Commons License